Marques de ski - Statistiques

Statistiques générales
  • Ce quiz a été pris 230 fois
  • Le résultat moyen est 6 sur 15
Statistiques - réponses
Hint Réponse % Correct
1 Rossignol
97%
3 Salomon
77%
4 Atomic
68%
10 Head
68%
2 Dynastar
66%
11 Faction
39%
6 Black Crows
32%
12 Blizzard
27%
7 Völkl
27%
5 K2
26%
9 Armada
20%
15 Stöckli
18%
13 ZAG
12%
8 Black Diamond
4%
14 Majesty
3%
Aucun quiz correspondant
Distribution des résultats
% des personnes avec chaque résultat
Percentile par nombre de réponses
Votre historique - résultats
Vous n’avez pas pris ce quiz